<?xml version="1.0" encoding="UTF-8"?>
<record
    xmlns:xsi="http://www.w3.org/2001/XMLSchema-instance"
    xsi:schemaLocation="http://www.loc.gov/MARC21/slim http://www.loc.gov/standards/marcxml/schema/MARC21slim.xsd"
    xmlns="http://www.loc.gov/MARC21/slim">

  <leader>00963nam0a22002891  4500</leader>
  <controlfield tag="001">rc\3219043</controlfield>
  <controlfield tag="005">20250609192142.0</controlfield>
  <datafield tag="021" ind1=" " ind2=" ">
    <subfield code="a">RU</subfield>
    <subfield code="b">[74-30141]</subfield>
  </datafield>
  <datafield tag="035" ind1=" " ind2=" ">
    <subfield code="a">(NLR Aleph) 007466534</subfield>
  </datafield>
  <datafield tag="090" ind1=" " ind2=" ">
    <subfield code="a">7371486</subfield>
    <subfield code="c">7371486</subfield>
  </datafield>
  <datafield tag="100" ind1=" " ind2=" ">
    <subfield code="a">20130115d1974    |||y0rusy50      ca</subfield>
  </datafield>
  <datafield tag="101" ind1="0" ind2=" ">
    <subfield code="a">rus</subfield>
  </datafield>
  <datafield tag="102" ind1=" " ind2=" ">
    <subfield code="a">RU</subfield>
  </datafield>
  <datafield tag="105" ind1=" " ind2=" ">
    <subfield code="a">a   z   |||||</subfield>
  </datafield>
  <datafield tag="200" ind1="1" ind2=" ">
    <subfield code="a">&#x42D;&#x434;&#x438;&#x43B;&#x44C;&#x431;&#x430;&#x435;&#x432;&#x441;&#x43A;&#x430;&#x44F; &#x43E;&#x432;&#x446;&#x430;</subfield>
  </datafield>
  <datafield tag="210" ind1=" " ind2=" ">
    <subfield code="a">&#x410;&#x43B;&#x43C;&#x430;-&#x410;&#x442;&#x430;</subfield>
    <subfield code="c">&#x41A;&#x430;&#x439;&#x43D;&#x430;&#x440;</subfield>
    <subfield code="d">1974</subfield>
  </datafield>
  <datafield tag="215" ind1=" " ind2=" ">
    <subfield code="a">79 &#x441;.</subfield>
    <subfield code="c">&#x438;&#x43B;.</subfield>
    <subfield code="d">20</subfield>
  </datafield>
  <datafield tag="300" ind1=" " ind2=" ">
    <subfield code="a">&#x41F;&#x435;&#x440;&#x435;&#x434; &#x437;&#x430;&#x433;&#x43B;. &#x430;&#x432;&#x442;.: &#x410;. &#x416;&#x430;&#x43D;&#x434;&#x435;&#x440;&#x43A;&#x438;&#x43D;, &#x414;. &#x41A;&#x435;&#x439;&#x43A;&#x438;&#x43D;, &#x421;. &#x422;&#x43E;&#x43A;&#x43A;&#x443;&#x436;&#x438;&#x43D;</subfield>
  </datafield>
  <datafield tag="606" ind1=" " ind2=" ">
    <subfield code="a">&#x41E;&#x432;&#x446;&#x44B; &#x44D;&#x434;&#x438;&#x43B;&#x44C;&#x431;&#x430;&#x435;&#x432;&#x441;&#x43A;&#x438;&#x435;</subfield>
    <subfield code="2">psbo</subfield>
  </datafield>
  <datafield tag="700" ind1=" " ind2="1">
    <subfield code="a">&#x416;&#x430;&#x43D;&#x434;&#x435;&#x440;&#x43A;&#x438;&#x43D;</subfield>
    <subfield code="b">&#x410;.&#x413;.&#x418;.</subfield>
    <subfield code="g">&#x410;&#x431;&#x434;&#x443;&#x43B; &#x413;&#x430;&#x437;&#x438;&#x437; &#x418;&#x431;&#x440;&#x430;&#x435;&#x432;&#x438;&#x447;</subfield>
  </datafield>
  <datafield tag="701" ind1=" " ind2="1">
    <subfield code="a">&#x41A;&#x435;&#x439;&#x43A;&#x438;&#x43D;</subfield>
    <subfield code="b">&#x414;.&#x421;.</subfield>
    <subfield code="g">&#x414;&#x436;&#x430;&#x440;&#x434;&#x435;&#x43C; &#x421;&#x430;&#x43B;&#x44B;&#x43A;&#x43E;&#x432;&#x438;&#x447;</subfield>
  </datafield>
  <datafield tag="701" ind1=" " ind2="1">
    <subfield code="a">&#x422;&#x43E;&#x43A;&#x43A;&#x443;&#x436;&#x438;&#x43D;</subfield>
    <subfield code="b">&#x421;.</subfield>
    <subfield code="g">&#x421;&#x430;&#x43B;&#x438;&#x43C;&#x433;&#x435;&#x440;&#x435;&#x439;</subfield>
  </datafield>
  <datafield tag="801" ind1=" " ind2="0">
    <subfield code="a">RU</subfield>
    <subfield code="b">NLR</subfield>
    <subfield code="g">psbo</subfield>
  </datafield>
  <datafield tag="801" ind1=" " ind2="1">
    <subfield code="a">RU</subfield>
    <subfield code="b">ELAR</subfield>
    <subfield code="2">rusmarc</subfield>
  </datafield>
  <datafield tag="852" ind1=" " ind2=" ">
    <subfield code="a">NLR</subfield>
    <subfield code="j">74-4/6285</subfield>
  </datafield>
  <datafield tag="942" ind1=" " ind2=" ">
    <subfield code="c">BOOK</subfield>
  </datafield>
  <datafield tag="980" ind1=" " ind2=" ">
    <subfield code="a">NB</subfield>
  </datafield>
  <datafield tag="995" ind1=" " ind2=" ">
    <subfield code="5">2013-10-26</subfield>
    <subfield code="b">NLR01</subfield>
    <subfield code="c">NLR01</subfield>
    <subfield code="e">RF91</subfield>
    <subfield code="f">7466534-10</subfield>
    <subfield code="k">74-4/6285</subfield>
    <subfield code="o">0</subfield>
    <subfield code="r">BOOK</subfield>
    <subfield code="s">7446285_</subfield>
  </datafield>
</record>
